Don Juan mítosza a 98-as nemzedékben
Elmentve itt :
| Szerző: | |
|---|---|
| Adatforrás: | Philobibl |
| Forrásdokumentuma: | Pompeji 9 1998/1., 183-203. p. |
| Dokumentumtípus: | Cikk |
| Nyelv: | magyar |
| LEADER | 00336nab a2200109 c 4500 | ||
|---|---|---|---|
| 001 | bibDOK00017111 | ||
| 005 | 20200924121134.7 | ||
| 008 | 060518s1998 hu hun | ||
| 100 | 1 | |a Lasaga Medina, José | |
| 245 | 1 | 0 | |a Don Juan mítosza a 98-as nemzedékben |c Lasaga Medina, José |
| 500 | |a Csejtei Dezső (ford.) | ||
| 773 | 0 | |t Pompeji 9 |g 1998/1., 183-203. p. | |